| 000 -LEADER |
| fixed length control field |
01740 a2200337 4500 |
| 003 - CONTROL NUMBER IDENTIFIER |
| control field |
OSt |
| 005 - DATE AND TIME OF LATEST TRANSACTION |
| control field |
20180116192335.0 |
| 008 - FIXED-LENGTH DATA ELEMENTS--GENERAL INFORMATION |
| fixed length control field |
120301t xxu||||| |||| 00| 0 eng d |
| 010 ## - LIBRARY OF CONGRESS CONTROL NUMBER |
| LC control number |
92035106 |
| 020 ## - INTERNATIONAL STANDARD BOOK NUMBER |
| International Standard Book Number |
0750612932 (v. 1) |
| 020 ## - INTERNATIONAL STANDARD BOOK NUMBER |
| International Standard Book Number |
0750612940 (v. 2) |
| 040 ## - CATALOGING SOURCE |
| Transcribing agency |
0 |
| 082 00 - DEWEY DECIMAL CLASSIFICATION NUMBER |
| Classification number |
725.8 |
| 110 04 - MAIN ENTRY--CORPORATE NAME |
| Corporate name or jurisdiction name as entry element |
The Sports Council "Technical Unit for Sport" |
| 9 (RLIN) |
473 |
| 245 00 - TITLE STATEMENT |
| Title |
Handbook of sports and recreational building design / |
| Statement of responsibility, etc. |
edited by Geraint John and Kit Campbell. |
| Number of part/section of a work |
vol. 1 |
| Name of part/section of a work |
SADAOutdoor sports |
| 250 ## - EDITION STATEMENT |
| Edition statement |
2nd ed. |
| 260 ## - PUBLICATION, DISTRIBUTION, ETC. |
| Place of publication, distribution, etc. |
Oxford [England] ; |
| -- |
Boston : |
| Name of publisher, distributor, etc. |
Butterworth Architecture, |
| Date of publication, distribution, etc. |
1993-1996. |
| 300 ## - PHYSICAL DESCRIPTION |
| Extent |
281p.: |
| Other physical details |
ill. ; |
| Dimensions |
31 cm. |
| 500 ## - GENERAL NOTE |
| General note |
"The Sports Council, Technical Unit for Sport." |
| 505 0# - FORMATTED CONTENTS NOTE |
| Formatted contents note |
v. 1. Outdoor sports -- v. 2. Indoor sports -- v. 3. Swimming pools and ice rinks. |
| 520 ## - SUMMARY, ETC. |
| Summary, etc. |
INCLUDE: Overview Briefing guide Surfaces for outdoor sport Ancillary work Sport-specific facilities Water recreation Sports data sheets (40 sports including archery, cricket, curling, cycle speedway, Gaelic football, mini hockey, lacrosse (men's and women's), petanque, riding and equestrianism, softball, tug-of-war). |
| 650 #0 - SUBJECT ADDED ENTRY--TOPICAL TERM |
| Topical term or geographic name entry element |
Sports facilities |
| General subdivision |
Design and construction |
| -- |
Handbooks, manuals, etc. |
| 9 (RLIN) |
474 |
| 650 #0 - SUBJECT ADDED ENTRY--TOPICAL TERM |
| Topical term or geographic name entry element |
Recreation facilities |
| General subdivision |
Architecture |
| 9 (RLIN) |
475 |
| 700 1# - ADDED ENTRY--PERSONAL NAME |
| Personal name |
John, Geraint. |
| 9 (RLIN) |
476 |
| 700 1# - ADDED ENTRY--PERSONAL NAME |
| Personal name |
Campbell, Kit. |
| 9 (RLIN) |
477 |
| 710 2# - ADDED ENTRY--CORPORATE NAME |
| Corporate name or jurisdiction name as entry element |
Sports Council (Great Britain). |
| Subordinate unit |
Technical Unit for Sport. |
| 9 (RLIN) |
478 |
| 856 42 - ELECTRONIC LOCATION AND ACCESS |
| Materials specified |
Publisher description |
| Uniform Resource Identifier |
<a href="http://www.loc.gov/catdir/description/els032/92035106.html">http://www.loc.gov/catdir/description/els032/92035106.html</a> |
| 856 42 - ELECTRONIC LOCATION AND ACCESS |
| Materials specified |
Table of contents |
| Uniform Resource Identifier |
<a href="http://www.loc.gov/catdir/toc/els032/92035106.html">http://www.loc.gov/catdir/toc/els032/92035106.html</a> |
| 942 ## - ADDED ENTRY ELEMENTS (KOHA) |
| Institution code [OBSOLETE] |
SADA |
| Koha item type |
Book |
| Call number prefix |
725.8 SPO 1996 |
| Source of classification or shelving scheme |
|